000 01041cam a22002892 4500
001 0000003616
005 20151217145738.0
008 070510s xx 000 0 eng d
020 _a0226816273 :
_cKES 1,680
040 _aKABU
_cKABU
050 0 _aLB2369
_b.T8 1996
100 1 _aTurabian, Kate L.
_@0000077282
245 1 2 _aA Manual for writers of term papers, theses and dissertations /
_cKate L. Turabian; revised by John Grossman and Alice Bennett.
250 _a6th ed.
260 _aChicago :
_bThe University of Chicago Press,
_c1996.
300 _aix, 308 p.
650 0 _aDissertations, Academic.
_@0000151328
650 0 _aReport writing.
_@0000152055
700 1 _aGrossman, John.
_@0000153651
700 1 _aBennett, Alice.
_@0000153652
908 _a070510
950 _@1
999 _c2188
_d2188